TPOT Viewer Voting #1 - Statistics

General Stats
  • This quiz has been taken 106 times
  • The average score is 5 of 7
Answer Stats
Question Answer % Correct
Black Hole Yes, I want to save this character.
86%
Remote Yes, I want to save this character.
79%
Fanny Yes, I want to save this character.
75%
Tree Yes, I want to save this character.
71%
Marker Yes, I want to save this character.
71%
Lightning Yes, I want to save this character.
57%
Pie Yes, I want to save this character.
18%
No matching quizzes found
Score Distribution
Percent of People with Each Score
Percentile by Number Answered
Your Score History
You have not taken this quiz